ბათუმის შოთა რუსთაველის სახელმწიფო უნივერსიტეტის ბიბლიოთეკა

ახალი გრძნობა (ბიბ.ჩანაწერი № 42448)

000 -LEADER
fixed length control field 00672nam a2200229Ia 4500
001 - CONTROL NUMBER
control field 9144
003 - CONTROL NUMBER IDENTIFIER
control field GE_BSU
008 - FIXED-LENGTH DATA ELEMENTS--GENERAL INFORMATION
fixed length control field 181216s||||||||xx |||||||||||||| ||und||
040 ## - CATALOGING SOURCE
Transcribing agency GE_BSU
080 ## - UNIVERSAL DECIMAL CLASSIFICATION NUMBER
Universal Decimal Classification number 821.353.1-32
100 ## - MAIN ENTRY--PERSONAL NAME
Personal name ლომიძე,ანდრო
245 ## - TITLE STATEMENT
Title ახალი გრძნობა
245 ## - TITLE STATEMENT
Remainder of title მოთხრობები
245 ## - TITLE STATEMENT
Statement of responsibility, etc. რედ. დ.ბენაშვილი
260 ## - PUBLICATION, DISTRIBUTION, ETC.
Place of publication, distribution, etc. თბილისი
260 ## - PUBLICATION, DISTRIBUTION, ETC.
Name of publisher, distributor, etc. საბჭ.მწერალი
260 ## - PUBLICATION, DISTRIBUTION, ETC.
Date of publication, distribution, etc. 1944
300 ## - PHYSICAL DESCRIPTION
Extent 62გვ.15სმ.
653 ## - INDEX TERM--UNCONTROLLED
Uncontrolled term ახალი გრძნობა
653 ## - INDEX TERM--UNCONTROLLED
Uncontrolled term მოთხრობები
942 ## - ADDED ENTRY ELEMENTS (KOHA)
Koha item type წიგნი
ეგზემპლარები
Withdrawn status Lost status Damaged status Not for loan Date acquired Barcode Date last seen Price effective from Koha item type
        2018-12-17 31864 2018-12-17 2018-12-17 წიგნი
        2018-12-17 31866 2018-12-17 2018-12-17 წიგნი
        2018-12-17 31867 2018-12-17 2018-12-17 წიგნი
        2018-12-17 31863 2018-12-17 2018-12-17 წიგნი